Robotics, vision and control : (Record no. 19495)
[ view plain ]
| 000 -LEADER | |
|---|---|
| fixed length control field | 01078cam a22003255a 4500 |
| 001 - CONTROL NUMBER | |
| control field | 16878742 |
| 005 - DATE AND TIME OF LATEST TRANSACTION | |
| control field | 20150608134832.0 |
| 008 - FIXED-LENGTH DATA ELEMENTS--GENERAL INFORMATION | |
| fixed length control field | 110719s2013 gw a frb 001 0 eng d |
| 020 ## - INTERNATIONAL STANDARD BOOK NUMBER | |
| International Standard Book Number | 9783642201431 |
| 020 ## - INTERNATIONAL STANDARD BOOK NUMBER | |
| International Standard Book Number | 9783642201448 (eISBN) |
| 040 ## - CATALOGING SOURCE | |
| Original cataloging agency | SISPL |
| Language of cataloging | eng |
| Transcribing agency | SISPL |
| Modifying agency | YDXCP |
| -- | UKMGB |
| -- | BWX |
| -- | OHX |
| -- | CNCEN |
| -- | DLC |
| -- | EG-ScBUE |
| 082 04 - DEWEY DECIMAL CLASSIFICATION NUMBER | |
| Classification number | 629.892637 |
| Item number | COR |
| Edition number | 22 |
| 100 1# - MAIN ENTRY--PERSONAL NAME | |
| Personal name | Corke, Peter I., |
| Dates associated with a name | 1959- |
| 9 (RLIN) | 38122 |
| 245 10 - TITLE STATEMENT | |
| Title | Robotics, vision and control : |
| Remainder of title | fundamental algorithms in MATLAB / |
| Statement of responsibility, etc | Peter Corke. |
| 246 30 - VARYING FORM OF TITLE | |
| Title proper/short title | MATLAB |
| 250 ## - EDITION STATEMENT | |
| Edition statement | 1st ed., Corrected second printing. |
| 260 ## - PUBLICATION, DISTRIBUTION, ETC. (IMPRINT) | |
| Place of publication, distribution, etc | Berlin : |
| Name of publisher, distributor, etc | Springer-Verlag, |
| Date of publication, distribution, etc | 2013. |
| 300 ## - PHYSICAL DESCRIPTION | |
| Extent | xxiv, 570 p. : |
| Other physical details | ill. (some col.) ; |
| Dimensions | 27 cm. |
| 490 0# - Series Statement | |
| Series statement | Springer tracts in advanced robotics, |
| International Standard Serial Number | 16107438 ; |
| Volume/sequential designation | 73 |
| 500 ## - GENERAL NOTE | |
| General note | "With 393 images." |
| 500 ## - GENERAL NOTE | |
| General note | First edition 2011. |
| 500 ## - GENERAL NOTE | |
| General note | Index : p. 553-570. |
| 504 ## - BIBLIOGRAPHY, ETC. NOTE | |
| Bibliography, etc | Bibliography : p. 543-552. |
| 650 #0 - SUBJECT ADDED ENTRY--TOPICAL TERM | |
| Topical term or geographic name as entry element | Robotics. |
| Source of heading or term | BUEsh |
| 650 #0 - SUBJECT ADDED ENTRY--TOPICAL TERM | |
| Topical term or geographic name as entry element | MATLAB. |
| Source of heading or term | BUEsh |
| 651 ## - SUBJECT ADDED ENTRY--GEOGRAPHIC NAME | |
| Source of heading or term | BUEsh |
| 653 ## - INDEX TERM--UNCONTROLLED | |
| Resource For college | Engineering, Mechanical |
| Arrived date list | June2015 |
| 655 ## - INDEX TERM--GENRE/FORM | |
| Form subdivision | |
| -- | 33728 |
| 942 ## - ADDED ENTRY ELEMENTS (KOHA) | |
| Source of classification or shelving scheme | Dewey Decimal Classification |
| Call number prefix | 629.892637 COR |
| Withdrawn status | Item status | Source of classification or shelving scheme | Damaged status | Not for loan | Vendor | Home library | Current library | Shelving location | Date acquired | Source of acquisition | Total Checkouts | Full call number | Barcode | Date last seen | Koha item type | Total Renewals | Date last borrowed |
|---|---|---|---|---|---|---|---|---|---|---|---|---|---|---|---|---|---|
| Dewey Decimal Classification | Baccah | Central Library | Central Library | First floor | 04/06/2015 | 629.892637 COR | 000038423 | 15/07/2025 | NB - Book (Non borrowing) | ||||||||
| Dewey Decimal Classification | Baccah | Central Library | Central Library | First floor | 04/06/2015 | 7 | 629.892637 COR | 000038422 | 15/07/2025 | Book - Borrowing | 18 | 29/01/2019 | |||||
| Dewey Decimal Classification | Baccah | Central Library | Central Library | First floor | 04/06/2015 | 1 | 629.892637 COR | 000038421 | 15/07/2025 | Book - Borrowing | 2 | 24/02/2025 |